00399 2200157 4500001002100000005001500021035002000036245003700056100001800093300003000111260004400141082000800185084001400193020002200207990001200229INLIS00000000000258020250605014817 a0010-06250001661 a8 Etos Keguruan /cJansen Sinamo0 aJansen Sinamo a164 hlm ;c16,5 x 21,5 cm aJakarta :bEsensi Erlangga Group,c2016 a000 a000 JAN d a978-602-6847-19-5 a0754877